000
00307pab a2200121 454500
008
180718b xxu||||| |||| 00| 0 eng d
100
_a
Majumdar Udayan
245
_a
The Mega-city: in search of an urban answer
362
_a
15 Dec 92, p.8
650
_a
Cities and Towns
773
_a
Statesman
909
_a
25752
999
_c
25752
_d
25752